| 000 | 00513nam a2200193 a 4500 | ||
|---|---|---|---|
| 001 | 1767765542579 | ||
| 003 | YourLibrary | ||
| 005 | 20260107144640.0 | ||
| 008 | 260107s2001##################000#0#eng## | ||
| 020 | _a9780335202409 | ||
| 082 | 0 | 4 |
_a300.723 _bALD |
| 100 | 1 |
_aAldridge, Alan, _eauthor. |
|
| 245 | 1 | 0 | _aSurveying The Social World : |
| 260 |
_bMcGraw-Hill Education (UK), _c2001. |
||
| 300 | _a210 pages | ||
| 650 | 0 | _aSocial Science. | |
| 942 | _cENGLISH | ||
| 040 |
_aYourLibrary _beng _cYourLibrary |
||
| 999 |
_c607520 _d607520 |
||